|
|
|
|
| LEADER |
00599nam a2200145Ia 4500 |
| 001 |
57049 |
| 008 |
170722s9999 xx 000 0 und d |
| 100 |
|
|
|a Thankappan Acari, P.
|
| 245 |
|
|
|a Bharatham valarunnu /
|
| 260 |
|
|
|a Kottayam :
|b Author, NBS ,
|c 1986.
|
| 300 |
|
|
|a 94 p.
|c 17.8cms
|
| 942 |
|
|
|c GEN
|
| 999 |
|
|
|c 106903
|d 106903
|
| 952 |
|
|
|0 0
|1 0
|4 0
|6 O_321NTH47X_M6M61_KR
|7 0
|9 150689
|a LIB
|b LIB
|d 2017-08-12
|o O32,1NTH47x M6-M6;1 (KR)
|p 202885
|r 2017-08-12
|v 9.50
|w 2017-08-12
|y GEN
|
| 952 |
|
|
|0 0
|1 0
|4 0
|6 O_321NTH47X_M6M61_KR
|7 0
|9 150690
|a LIB
|b LIB
|d 2017-08-12
|o O32,1NTH47x M6-M6;1 (KR)
|p 202886
|r 2017-08-12
|v 9.50
|w 2017-08-12
|y GEN
|